| 000 | 02306nab a2200241 i 4500 | ||
|---|---|---|---|
| 003 | MX-MxUPN | ||
| 005 | 20260110063936.0 | ||
| 007 | cr a | ||
| 008 | 260109s2023 ag|a||||o|||| 00| spa d | ||
| 040 |
_aMX-MxUPN _bspa _cMX-MxUPN |
||
| 041 | 0 | _aspa | |
| 100 | 1 |
_aSota, Eduardo _958601 |
|
| 245 | 1 | 0 |
_aValores epistémicos y sociales del discurso científico: primera parte _h[recurso electrónico en línea] |
| 506 | 0 | _aAcceso abierto. | |
| 520 | 3 | _aEs frecuente la distinción entre juicios descriptivos, valorativos y normativos. La doxa científica tradicional ha procurado justificar que solo los primeros poseen contenido cognitivo mientras que los otros distorsionan la empresa científica. La incontaminación de tales juicios ha sido el desiderátum del ideal de la ciencia “libre de valores” que bajo diversas estrategias y concesiones ha mantenido una vigencia robusta. En principio, desarrollaremos una versión más o menos convencional y actualizada del ideal de la ciencia “libre de valores” –en particular, la expuesta por Lacey– para, a continuación, dar lugar a diversas críticas emplazadas desde diversos supuestos y con distintos alcances. La estrategia adoptada será pasar a examen diversas tesis proporcionadas por los mismos científicos y/o epistemólogos sociales para destacar que todas ellas coinciden en que los valores denominados no epistémicos no sólo son legítimos sino que, y bajo determinada perspectiva uno podría afirmar que es indistinguible la diferenciación entre juicios de valor epistémicos/no epistémicos – señaladamente, la enunciada por Kitcher–. En esta dirección daremos, empero, un paso más fuerte y sostendremos –en la segunda parte– que las teorías sociales también conllevan juicios normativos, esto es, de construcción del mismo objeto de estudio y esto desde ciertos componentes axiológicos y con consecuencias (normativas/prescriptivas) acerca de cómo debe ser tratado ese sujeto-objeto. | |
| 650 | 4 |
_aCiencia _97469 |
|
| 650 | 4 |
_aValores _9308 |
|
| 650 | 4 |
_aConstructivismo _910397 |
|
| 773 |
_gVol. 21, no. 21 (2023), p. 1-27 _tEducación, lenguaje y sociedad _x2545-7667 |
||
| 856 | 4 | 0 | _uhttps://cerac.unlpam.edu.ar/index.php/els/article/view/7519 |
| 902 | _aVíctor Ruiz/090126 | ||
| 942 |
_2lcc _cART-E |
||
| 999 |
_c214539 _d214539 |
||